| 000 | 00501 a2200169 4500 | ||
|---|---|---|---|
| 020 | _a 1853267864 | ||
| 040 |
_aDLC _bDLC |
||
| 082 | _a823.8 | ||
| 100 | _aShakespeare, William. | ||
| 245 |
_aFive Classical Plays _cWilliam Shakespeare |
||
| 260 |
_aGreat Britain: _bWordsworth Editiion Ltd., _c1998. |
||
| 300 |
_a514 p. ; _b20 cm. |
||
| 440 | _aWordsworth classics of world literature | ||
| 500 | _aIncludes Index | ||
| 650 | _aShakespeare, William, 1564-1616--biography | ||
| 942 |
_cBK _k823.8 SHA _2ddc |
||
| 999 |
_c4942 _d4942 |
||